000 00551nam a22002177a 4500
003 UA-OsUOA
001 118891
007 ta
008 20160926b un ||||| |||| 00| 0 ukr d
100 _aМоторний В.
090 _a908
_bМ85
942 _cSA
040 _aUA-OsUOA
_bukr
_cUA-OsUOA
_dUA-OsUOA
245 _aСлавні ювілеї заповідник відзначиі грандіозно
300 _aС.1,3
955 _a0
041 _aukr
080 _a908
773 0 _w118890
650 7 _a908 Краєзнавство
_2UDC
999 _c405198
_d405198